000 00349nam a22001457a 4500
003 OSt
005 20220216093203.0
008 220216b |||||||| |||| 00| 0 eng d
020 _a1566704642
040 _cHU
082 _a628.55
100 _aLowe
_927069
245 _aSoil Vapor Rxtraction Using Radio Frequencey Heating
942 _2ddc
_cBOOKS
_n0
999 _c30488
_d30488